[Event "Cellavision Cup 2018"]
[Site "Lund"]
[Date "2018.08.03"]
[Round "4"]
[White "Shirov, Alexei"]
[Black "Cramling, Pia"]
[Result "1-0"]
[WhiteElo "2631"]
[BlackElo "2453"]
[Annotator "TA"]
[PlyCount "117"]
[EventDate "2018.08.03"]
[EventType "swiss"]
[EventCountry "SWE"]
[SourceTitle "playchess.com"]
[Source "ChessBase"]
[SourceQuality "1"]

{[%evp 21,117,0,65,44,17,0,28,30,36,22,41,9,17,16,97,98,91,95,96,89,115,119,216,98,117,61,69,66,46,37,39,13,53,34,32,12,12,8,8,8,80,49,166,166,166,172,156,127,127,112,142,61,166,145,131,0,168,137,137,121,192,191,315,184,177,8,8,8,8,8,8,0,78,59,75,59,248,218,200,164,181,187,188,157,181,187,202,181,181,56,56,56,222,222,315,315,315,287]} 1. e4 c5 2. Nf3 d6 3. d4 cxd4 4. Nxd4 Nf6 5. Nc3 Nc6 6. Bg5 e6 7. Qd2 Be7 8. O-O-O O-O 9. f4 Nxd4 10. Qxd4 Qa5 11. h4 {[#] B65: Sicilian: Richter-Rauzer: 7...Be7 8 0-0-0 0-0 9 f4 Nxd4} (11. e5 dxe5 12. Qxe5 Qxe5 13. fxe5 Nd5 14. Bxe7 Nxe7 15. Bd3 b6 16. Be4 Rb8 17. Nb5 Bb7 18. Rhe1 a6 19. Nc7 a5 20. Rd7 Ng6 21. Nb5 Bc8 22. Rd6 Nxe5 23. Bxh7+ Kxh7 24. Rxe5 {½-½ (48) Vitiugov,N (2724)-Predke,A (2573) Moscow 2017}) 11... Rd8 {LiveBook: 13 Games} (11... d5 $1 $11 {[%mdl 512]}) 12. Bd3 e5 13. Qe3 {The position is equal.} exf4 14. Qxf4 Be6 {[#]} 15. a3 $146 ({Predecessor:} 15. Kb1 Qe5 16. Nd5 Bxd5 17. exd5 Qxf4 18. Bxf4 Ng4 {½-½ (28) Sprenger,J (2513)-Moreno Tejera,E (2444) Germany 2017}) 15... Qe5 $1 16. Qd2 Rac8 {[#]} 17. Nd5 $1 {[%mdl 512]} Nxd5 (17... Bxd5 $11 {keeps the balance.} 18. exd5 Ne4 19. Bxe4 Qxe4) 18. exd5 $16 Bxg5 {[#]} ({Don't go for} 18... Bxd5 $2 19. Rde1 $18) 19. Bxh7+ $1 {[%mdl 512]} Kxh7 20. hxg5+ Kg8 21. dxe6 Qxe6 (21... fxe6 $16 22. Rde1 Qf5) 22. Rh3 (22. Kb1 $18) 22... Rc5 23. Rdh1 ({White should try} 23. Kb1 $16) 23... Kf8 $14 24. Re1 Re5 25. Rxe5 Qxe5 {[%mdl 4096] Endgame KQR-KQR} 26. Re3 Qf5 27. b3 Qc5 28. Kb2 Re8 29. Rd3 Re6 30. Rd5 Qe3 (30... Qc7 $11) 31. Qb4 Kg8 (31... b6 $14) 32. Qxb7 $18 Qe4 33. Qc8+ Kh7 34. Rb5 Qxg2 35. Qc3 Qf1 36. Rd5 (36. Ra5 $16) 36... Kg8 (36... f6 $14) 37. Qc8+ Kh7 38. Qc3 Kg8 $1 39. Ra5 Qf2 40. Rb5 Qf1 (40... Qe2 $16 {is a better defense.} 41. a4 Re5) 41. a4 $1 Re1 {[#]} (41... Qe2 $142 42. Qc7 Qf2) 42. Qc8+ (42. g6 $142 $1 {[%mdl 512] White threatens Qc8+ and mate.} fxg6 43. Rb8+ Kf7 44. Rb7+ Re7 45. Rxe7+ Kxe7 46. Qe3+ (46. Qxg7+ Qf7 $14) 46... Kd8 47. Qxa7) 42... Kh7 {[#]} 43. Qf5+ $2 (43. Qg4 $1 $18 {[%cal Rg4h5] White wants to mate with Qh5+.} Kg6 44. Rd5) 43... Qxf5 $11 44. Rxf5 {KR-KR} Kg6 $132 {[%mdl 2048] Black is fighting back} 45. Ra5 Re7 46. Kc3 Kh5 (46... f5 $11 47. gxf6 Kxf6) 47. b4 {[%cal Bb3b4,Bb4b5][%mdl 32]} Kg4 48. Rd5 Re6 $2 (48... f5 $14) 49. b5 $18 f5 {Hoping for ...f4.} 50. gxf6 $1 gxf6 51. a5 {[%cal Ba4a5,Ba5b6,Bb6b7][%mdl 32]} f5 52. b6 axb6 53. axb6 f4 54. b7 Re8 {[#]} 55. Rxd6 ({Only move:} 55. Rb5 $1 $18 Rb8 56. Kd3) 55... f3 $1 $14 56. Rf6 {aiming for Kd2.} Rb8 $2 (56... Kg3 $14) 57. Rf7 $18 f2 (57... Kg3 $142 58. Rg7+ Kf2) 58. Rxf2 Rxb7 59. Kd4 {Precision: White = 47%, Black = 37%.} 1-0

[Event "Cellavision Cup 2018"]
[Site "Lund"]
[Date "2018.08.03"]
[Round "4"]
[White "Sumets, Andrey"]
[Black "Ahlander, Bjorn"]
[Result "1-0"]
[WhiteElo "2575"]
[BlackElo "2433"]
[Annotator "TA"]
[PlyCount "69"]
[EventDate "2018.08.03"]
[EventType "swiss"]
[EventCountry "SWE"]
[SourceTitle "playchess.com"]
[Source "ChessBase"]
[SourceQuality "1"]

{[%evp 26,69,16,13,29,0,0,0,0,0,0,0,0,-28,0,0,0,-180,-29,-35,25,-123,-120,-115,-7,-30,-30,-18,18,23,22,21,41,0,294,290,272,222,583,581,566,570,690,675,1181,1156]} 1. d4 Nf6 2. c4 e6 3. Nf3 d5 4. g3 Be7 5. Bg2 O-O 6. Qc2 c6 {[%cal Bc7c6,Bc6c5][%mdl 32]} 7. O-O Nbd7 8. Nbd2 b6 9. e4 Ba6 10. Re1 {E09: Closed Catalan: Main Line: 7 Qc2 c6 8 Nbd2} (10. e5 Ne8 11. Re1 Rc8 12. cxd5 cxd5 13. Qd1 Qc7 14. Nb1 Qc2 15. Nc3 Qxd1 16. Rxd1 Nc7 17. h4 Nb5 {½-½ (69) Yu,Y (2751)-Le,Q (2737) Huaian 2017}) 10... Rc8 11. b3 c5 12. exd5 exd5 13. Bb2 Re8 14. Qf5 {LiveBook: 5 Games} g6 15. Qh3 cxd4 16. Nxd4 Bb4 17. Red1 Ne5 $146 ({Predecessor:} 17... dxc4 18. Nxc4 Bc5 19. Nc6 Qc7 20. Rac1 Re2 {½-½ (20) Evans,G (2397)-Price,D (2030) ICCF email 2011}) 18. N2f3 Neg4 $1 19. cxd5 Qxd5 20. Qh4 $1 h6 {White must now prevent ...g5.} 21. Nd2 $2 (21. Nc2 Qc5 $17) (21. h3 $1 $11 {and White stays safe.} g5 22. Nxg5 hxg5 23. Qxg4 Qxg2+ 24. Kxg2 Nxg4 25. hxg4) 21... Qd6 $2 ({Black should play} 21... Qc5 $1 $19 22. Ne4 Rxe4 23. Bxe4 g5) 22. Bf3 $1 $11 {[%cal Rf3g4]} h5 {[#]} ({Better is} 22... Ne5 $15 23. Qxh6 Bc5) 23. Nc4 (23. Nf5 $1 $11 {[%mdl 512] remains equal.} Qe6 (23... gxf5 24. Qg5+) 24. Nh6+ Nxh6 25. Qxb4) 23... Bxc4 $17 24. bxc4 {[#]} Qc5 ({Reject} 24... Rxc4 $6 25. h3 $11) (24... Qe5 $1 $17 {...g5 is the strong threat.} 25. Qh3 Rcd8) 25. a3 Ba5 26. Rac1 Rcd8 27. Bxg4 $1 Nxg4 28. h3 $36 {[%mdl 2048] White is pushing.} Ne5 {Strongly threatening ...Rxd4!} 29. Qf6 Qc8 $2 {[%mdl 8192]} (29... Rd6 $11 30. Qf4 Red8) 30. Nb3 $18 Rxd1+ 31. Rxd1 Qe6 $2 (31... Qf5 {is more resistant.} 32. Qxf5 gxf5) 32. Qxe6 {White is clearly winning.} Rxe6 33. Rd8+ Kh7 34. f4 b5 35. Nxa5 {Precision: White = 47%, Black = 37%.} 1-0

[Event "Cellavision Cup 2018"]
[Site "Lund"]
[Date "2018.08.03"]
[Round "4"]
[White "Urkedal, Frode Olav Olsen"]
[Black "Lindberg, Bengt"]
[Result "1/2-1/2"]
[WhiteElo "2537"]
[BlackElo "2416"]
[Annotator "TA"]
[PlyCount "87"]
[EventDate "2018.08.03"]
[EventType "swiss"]
[EventCountry "SWE"]
[SourceTitle "playchess.com"]
[Source "ChessBase"]
[SourceQuality "1"]

{[%evp 15,87,23,27,21,33,17,54,54,54,55,56,53,68,32,68,51,95,70,83,0,0,0,0,0,0,0,0,0,0,0,0,0,7,0,14,14,43,43,43,43,61,61,61,61,61,61,61,0,0,0,0,0,0,0,0,0,0,0,0,0,0,0,0,0,0,0,0,0,0,0,0,0,0,0]} 1. d4 Nf6 2. c4 e6 3. Nf3 d5 4. Nc3 Bb4 5. cxd5 exd5 6. Bg5 Nbd7 7. Nd2 Bxc3 {D38: Queen's Gambit Declined: Ragozin Defence (4 Nf3 Bb4)} (7... c6 8. e3 Nf8 9. Bd3 Ng6 10. O-O O-O 11. f4 h6 12. Bxf6 Qxf6 13. f5 Nh4 14. Qh5 Bxf5 15. Rxf5 Nxf5 16. Qxf5 Qxf5 17. Bxf5 {0-1 (73) Hammer,J (2701)-Grandelius,N (2646) Fagernes 2016 CBM 172 [Fischer,J]}) 8. bxc3 c5 {LiveBook: 3 Games} 9. e3 Qa5 10. Qc1 $146 ({Predecessor:} 10. Qc2 cxd4 11. cxd4 O-O 12. Bd3 b6 13. O-O Ba6 14. Bxa6 Qxa6 15. e4 {½-½ (26) Voiska,M (2345)-Khurtsidze,N (2325) Jakarta 1993}) 10... Ne4 11. Nxe4 dxe4 12. Be2 O-O 13. O-O Re8 14. f3 cxd4 15. exd4 exf3 16. Bxf3 Nb6 17. c4 (17. a4 $16) 17... Nxc4 $1 $11 18. Qxc4 Qxg5 {[#]} 19. Bxb7 $1 {[%mdl 512]} Bxb7 {[%csl Gb7][%cal Rg5g2]} 20. Qxf7+ Kh8 {[%csl Gb7][%cal Rg5g2]} 21. Qxb7 Qe3+ 22. Kh1 Qxd4 23. Rad1 $36 {[%mdl 2048] White has the initiative.} Qb6 24. Rd7 Qxb7 25. Rxb7 {[%mdl 4096] Endgame KRR-KRR} Reb8 26. Rff7 Rxb7 27. Rxb7 $14 {KR-KR} a5 28. a4 h6 29. h3 Kh7 30. Kh2 Ra6 31. g4 (31. Rb5 $14) 31... Rc6 $11 {Threatens to win with ...Rc4.The position is equal.} 32. Rb5 Rc2+ 33. Kg3 Rc3+ 34. Kg2 Rc2+ 35. Kf1 Rh2 36. Rxa5 Rxh3 37. Kg2 Ra3 38. Ra6 g5 39. a5 Ra4 40. Kf3 Ra3+ 41. Ke4 Ra4+ 42. Kf3 Ra3+ 43. Kf2 Ra4 44. Kf3 {Precision: White = 61%, Black = 76%.} 1/2-1/2

[Event "Cellavision Cup 2018"]
[Site "Lund"]
[Date "2018.08.03"]
[Round "4"]
[White "Maiorov, Nikita"]
[Black "Hoi, Carsten"]
[Result "1-0"]
[WhiteElo "2504"]
[BlackElo "2380"]
[Annotator "TA"]
[PlyCount "79"]
[EventDate "2018.08.03"]
[EventType "swiss"]
[EventCountry "SWE"]
[SourceTitle "playchess.com"]
[Source "ChessBase"]
[SourceQuality "1"]

{[%evp 22,79,28,31,41,39,52,19,34,26,32,33,67,52,110,115,116,124,132,126,138,76,104,120,157,129,226,226,226,201,226,226,226,226,226,226,235,241,376,275,325,318,318,332,307,262,310,332,328,328,304,308,377,281,295,287,386,330,309,236]} 1. d4 Nf6 2. c4 g6 3. g3 Bg7 4. Bg2 O-O 5. Nf3 d6 6. O-O Nc6 7. d5 Na5 {[%cal Bc6a5,Ba5b7,Bb7c5][%mdl 32]} 8. Nfd2 c5 9. a3 Qc7 {E60: King's Indian: Unusual lines and Fianchetto Variation without Nc3} (9... b6 10. b4 Nb7 11. Bb2 h5 12. Nc3 h4 13. gxh4 Bf5 14. b5 Na5 15. e4 Bg4 16. f3 Bd7 17. Qc2 Bh6 {1-0 (25) Maiorov,N (2538)-Hoi,C (2377) Koge 2015}) 10. Qc2 b6 11. b4 Nb7 12. Bb2 {LiveBook: 3 Games} Bf5 $146 ({Predecessor:} 12... Bd7 13. Nc3 cxb4 14. axb4 a5 15. b5 Nc5 16. h3 Rac8 17. Rac1 {1-0 (57) Nikolic,P (2582)-Gavric,M (2375) Jahorina 2018}) 13. e4 Bd7 14. Nc3 {[%cal Bb1c3,Bc3e2,Be2d4,Bd4c6][%mdl 32]} cxb4 15. axb4 a5 16. b5 Nc5 17. Ne2 Rac8 ({Better is} 17... e5 $14) 18. Nd4 $1 $16 e6 19. Nc6 Rfe8 20. Bc3 e5 21. f4 (21. Nb3 $142) 21... Ng4 22. Rae1 exf4 {Threatens to win with ...Ne3.} 23. gxf4 {[%cal Bg3f4,Bf4f5,Bf5f6][%mdl 32]} a4 (23... Bxc6 $16 {was worth a try.} 24. dxc6 Qe7) 24. Bxg7 $1 $18 Kxg7 25. Qc3+ Kg8 26. h3 Nh6 27. f5 Bxc6 28. bxc6 ({Weaker is} 28. dxc6 Qe7 $14) 28... Qe7 29. f6 $1 {[%cal Rf6e7]} Qe5 (29... Qf8 {keeps fighting.} 30. Qg3 Re5) 30. Qe3 Qh5 {[#]} ({Don't blunder} 30... Nf5 $2 31. Rxf5 $1 {[%mdl 512]} Qxf5 32. exf5 $18) 31. Qg3 $1 Re5 32. Re3 Rce8 33. Bf3 Qg5 34. Qxg5 Rxg5+ 35. Kf2 Rge5 36. Rb1 Nf5 37. Rc3 Nd4 38. Rxb6 Ra8 39. c7 Ree8 40. Bg4 {Precision: White = 84%, Black = 38%.} 1-0

[Event "Cellavision Cup 2018"]
[Site "Lund"]
[Date "2018.08.03"]
[Round "4"]
[White "Golubka, Petro"]
[Black "Johansson, Gunnar"]
[Result "1-0"]
[WhiteElo "2478"]
[BlackElo "2252"]
[Annotator "TA"]
[PlyCount "49"]
[EventDate "2018.08.03"]
[EventType "swiss"]
[EventCountry "SWE"]
[SourceTitle "playchess.com"]
[Source "ChessBase"]
[SourceQuality "1"]

{[%evp 16,48,42,0,18,29,29,11,34,29,19,6,65,42,39,23,52,59,67,77,189,142,201,191,480,478,29991,29992,29993,29991,29993,29994,29998,29999,29999]} 1. e4 c5 2. Nf3 e6 3. d4 cxd4 4. Nxd4 Nc6 5. Nc3 Qc7 6. Be3 a6 7. Qd2 Nf6 8. O-O-O Be7 {B48: Sicilian: Taimanov: 5 Nc3 Qc7 6 Be3 a6 without Be2} (8... Bb4 9. f3 O-O 10. g4 b5 11. g5 Nh5 12. Kb1 Rb8 13. Nxc6 dxc6 14. f4 c5 15. Be2 g6 16. Bxh5 gxh5 17. f5 {1-0 (27) Saric,I (2657)-Bosiocic,M (2611) Batumi 2018}) 9. f4 {LiveBook: 58 Games} d5 10. e5 Nd7 $1 {White has an edge.} 11. Kb1 b5 12. Nxc6 Qxc6 13. h4 $146 ({Predecessor:} 13. Ne2 Nb6 14. Nd4 Qb7 15. g4 {1-0 (36) Dgebuadze,A (2505)-Cvetkovic,S (2450) Patras 1998}) 13... Bc5 (13... Nc5 $11) 14. h5 b4 {Threatens to win with ...Bxe3.} 15. Ne2 $36 {[%cal Bc3e2,Be2d4,Bd4f5][%mdl 2080] White is pushing.} a5 16. Bxc5 Qxc5 17. Nd4 Ba6 {[#]} (17... O-O $16) 18. f5 $1 $18 {[%cal Rf5e6]} O-O {[#]} (18... Qb6 $16 19. Bxa6 Rxa6) 19. Rh3 $1 {[%cal Rh3g3] aiming for Rg3.} ({Don't play} 19. fxe6 Nxe5 20. exf7+ Rxf7) 19... exf5 $2 (19... Rfe8 {was necessary.} 20. f6 gxf6) 20. Nxf5 {Hoping for Qg5.} Bxf1 (20... Rfc8 $18 21. Rg3 g6) 21. Qg5 {[%csl Gf5][%cal Rg5g7] White mates.} g6 22. hxg6 fxg6 {[#]} 23. Rxh7 $1 {[%cal Rg5g6][%mdl 512]} Nxe5 (23... Kxh7 24. Qh6+) 24. Rg7+ Kh8 25. Qh6# {Precision: White = 77%, Black = 21%.} 1-0

[Event "Cellavision Cup 2018"]
[Site "Lund"]
[Date "2018.08.03"]
[Round "4"]
[White "Hansen, Torbjorn Ringdal"]
[Black "Grandelius, Nils"]
[Result "0-1"]
[WhiteElo "2422"]
[BlackElo "2658"]
[Annotator "TA"]
[PlyCount "52"]
[EventDate "2018.08.03"]
[EventType "swiss"]
[EventCountry "SWE"]
[SourceTitle "playchess.com"]
[Source "ChessBase"]
[SourceQuality "1"]

{[%evp 9,52,9,66,51,74,24,37,24,72,11,228,219,186,-23,-7,-67,-79,-67,-64,-72,-68,-36,18,0,0,0,3,-12,-17,-16,-25,-42,0,0,0,-85,-140,-281,-293,-280,-207,-466,-454,-29998,-29999]} 1. e4 c5 2. Nf3 d6 3. Bb5+ Nd7 4. Ba4 Ngf6 5. O-O b6 $146 (5... a6 $11 6. c4 e5) ({Predecessor:} 5... a6 6. c4 g6 7. Nc3 Bg7 8. d3 O-O 9. h3 b6 10. Rb1 Bb7 11. Bg5 h6 {0-1 (53) Zherebukh,Y (2640)-So,W (2786) Saint Louis 2018}) 6. d4 $14 {B51: Sicilian: Moscow Variation (3 Bb5+) without 3...Bd7} cxd4 7. Nxd4 {And now Bg5 would win.} (7. e5 $5 dxe5 8. Bc6 $16 (8. Nxe5 e6 $14)) 7... Bb7 $1 8. Nc3 {White is slightly better.} g6 9. f4 (9. Bg5 $16) 9... Nxe4 $2 (9... a6 $1 $11 {and Black is okay.}) 10. Nxe4 $18 Bxe4 11. f5 $2 ({White has to play} 11. Re1 $1 $18 {[%cal Re1e4]} d5 12. c4 $1 {[%mdl 512]}) 11... Bg7 $11 12. Ne6 ({Better is} 12. Bg5 $11) 12... fxe6 $15 13. fxe6 {[#]} b5 $1 {[%cal Rb5a4]} 14. exd7+ (14. Bxb5 Qb6+) 14... Qxd7 15. Bb3 Bf6 ({Black should try} 15... d5 $15) 16. a4 ({Much weaker is} 16. Bd5 Bxd5 17. Qxd5 Rc8 $15) 16... bxa4 17. Rxa4 Bc6 $1 $132 {[%cal Rc6a4][%mdl 2048] Black has counterplay} 18. Ra6 {aiming for Rxf6!} Qb7 $1 {[%cal Rb7a6]} 19. Rxc6 Qxc6 20. Qg4 Qc5+ 21. Kh1 {Threatens to win with Rxf6!} Rb8 22. Qa4+ {[#]} (22. Qe6 $1 $11 Rxb3 23. Qxb3) 22... Kd8 $1 $17 23. Be6 (23. Bd2 $17 {was worth a try.} Rb7 24. Rf3) 23... Qb5 $19 {[%cal Rb5f1]} 24. Qf4 Bg7 25. Rd1 $2 (25. Bc4 {keeps fighting.} Qc5 26. Be3) 25... Rf8 26. Qe4 (26. Qc4 $19 Bxb2 27. Be3) 26... Rf1+ {Precision: White = 22%, Black = 58%.} 0-1

[Event "Cellavision Cup 2018"]
[Site "Lund"]
[Date "2018.08.03"]
[Round "4"]
[White "Jepson, Christian"]
[Black "Hillarp Persson, Tiger"]
[Result "0-1"]
[WhiteElo "2415"]
[BlackElo "2542"]
[Annotator "TA"]
[PlyCount "92"]
[EventDate "2018.08.03"]
[EventType "swiss"]
[EventCountry "SWE"]
[SourceTitle "playchess.com"]
[Source "ChessBase"]
[SourceQuality "1"]

{[%evp 19,92,12,50,22,36,30,35,43,39,39,35,0,8,0,-12,-29,-7,-10,-5,-24,0,-25,-24,-106,-29,-28,-19,-26,-25,-71,-63,-135,-62,-93,0,0,0,-53,-52,-58,-22,-19,-42,-54,-49,-63,-42,-43,-30,-133,-55,-55,-54,-125,0,0,0,0,39,31,44,0,0,-294,-132,-548,-516,-562,-556,-970,-942,-29996,-29997,-29997,-29998]} 1. d4 Nf6 2. c4 g6 3. Nc3 Bg7 4. e4 d6 5. Be2 O-O 6. Nf3 Bg4 7. Be3 Nfd7 8. Ng1 Bxe2 9. Ngxe2 c5 10. d5 Na6 {[%cal Bb8a6,Ba6c7,Bc7b5,Bb5c3][%mdl 32] LiveBook: 26 Partien} 11. f4 {E91: Königsindisch (Klassisches System)} (11. O-O Nc7 12. a4 b6 13. f4 a6 14. Rb1 Ne8 15. b4 Nef6 16. h3 Qc7 17. b5 Rfe8 18. Qd3 e6 19. dxe6 Rxe6 {½-½ (55) Garcia Palermo,C (2450)-Bachmann,A (2646) Buenos Aires 2017}) 11... b5 12. cxb5 Nc7 $1 13. O-O {Weiß steht etwas besser.} a6 14. bxa6 $146 ({Vorgänger:} 14. a4 axb5 15. axb5 Rxa1 16. Qxa1 Qb8 17. Qa4 Qb7 18. b4 c4 {0-1 (35) Hoang,T (2300)-Romero Holmes,A (2490) Oviedo 1992}) 14... Qc8 15. Qd2 Qxa6 16. Rac1 Nb5 17. b3 Nxc3 18. Nxc3 Bxc3 19. Qxc3 Qxa2 20. Ra1 Qe2 {Und ...Sf6 würde nun gewinnen.} 21. e5 (21. Rae1 $11 Qb5 22. f5) 21... Nb6 (21... Rxa1 $1 $17 22. Rxa1 Nb6) 22. Rad1 $1 $11 Ra2 {[%csl Ga2][%cal Re2g2]} 23. Bf2 $1 Qe4 24. exd6 exd6 25. Rfe1 ({Lieber} 25. Qd3 $15 Qxd3 26. Rxd3) 25... Qxf4 (25... Nxd5 $17 26. Qg3 Qf5) 26. Bg3 $15 Qg5 (26... Qf5 $17 27. Rf1 Nxd5) 27. Qf3 $11 Nc8 28. Ra1 (28. h3 $11) 28... Rxa1 $15 29. Rxa1 f5 {[%cal Bf7f5,Bf5f4][%mdl 32]} 30. h4 Qf6 $36 {[%mdl 2048] Schwarz hat gut koordiniertes Spiel.} 31. Ra6 f4 32. Bf2 Qf5 33. Kh2 Re8 34. Rc6 (34. Ra8 $11 {bleibt in der Remisbreite.}) 34... h6 (34... Qe5 $1 $17 35. g3 Na7 36. gxf4 Qe2 37. Qxe2 Rxe2) 35. b4 cxb4 36. Bd4 (36. Rc4 $15) 36... Kh7 (36... Kf7 $1 $17 37. Bf2 g5 38. Qh5+ Qg6) 37. Rc4 $11 Rf8 38. Rxb4 {Lb2 ist eine echte Drohung.} Ne7 39. Rb7 {[%mdl 1024] Weiss hat Kompensation.} Rf7 40. Bb2 (40. Rb8 $5 {[%cal Rb8h8]} Rf8 41. Qe2 $1 $16 {[%mdl 512]}) 40... g5 {[%cal Bg6g5,Bg5g4,Bg4g3][%mdl 32]} ({Nur nicht} 40... Nxd5 $2 41. Rb5 $18) 41. Qc3 $2 {[%mdl 8192] [#]} (41. hxg5 $11 {und Weiss steht sicher.} Kg6 42. gxh6) 41... Kg6 (41... g4 $1 $19 {ist viel giftiger. Weiss muss nun ...Kg6 beachten.} 42. Bc1 f3) 42. Rb8 $2 {[%mdl 8192]} (42. hxg5 $17 {leistet mehr Widerstand.} hxg5 43. Qe1) 42... g4 $19 {zielt auf ...f3 ab.} 43. Qe1 Nxd5 44. Rg8+ Kh5 45. Qe8 g3+ 46. Kg1 Qb1+ {Precision: Weiß = 27%, Schwarz = 39%.} 0-1

[Event "Cellavision Cup 2018"]
[Site "Lund"]
[Date "2018.08.03"]
[Round "4"]
[White "Sjodahl, Pontus"]
[Black "Sivuk, Vitaly"]
[Result "1-0"]
[WhiteElo "2404"]
[BlackElo "2535"]
[Annotator "TA"]
[PlyCount "117"]
[EventDate "2018.08.03"]
[EventType "swiss"]
[EventCountry "SWE"]
[SourceTitle "playchess.com"]
[Source "ChessBase"]
[SourceQuality "1"]

{[%evp 19,117,44,52,34,42,37,33,35,54,-61,14,3,10,7,91,100,87,97,196,208,168,187,217,168,156,105,154,158,185,101,342,338,345,335,327,307,409,312,437,338,304,249,327,339,337,339,337,337,332,325,324,303,412,408,463,452,456,412,514,492,464,464,456,394,440,381,350,68,591,579,4647,1253,1243,1717,1773,515,1218,912,1277,1220,1288,1054,1247,1133,929,1142,1062,1046,12837,12837,12837,12838,12834,945,1400,1981,1731,1623,12847,12833]} 1. d4 d6 2. e4 g6 3. c4 Bg7 4. Nc3 e5 5. Nge2 c6 6. Be3 Na6 7. Qd2 Nf6 8. f3 O-O 9. d5 cxd5 10. cxd5 Bd7 {LiveBook: 11 Games. E89: King's Indian: Sämisch: 6...e5 7 d5 c6 8 Nge2 cxd5} 11. Nc1 (11. g4 Qa5 12. Ng3 Nc5 13. Rb1 Na4 14. Nb5 Qxd2+ 15. Kxd2 Bxb5 16. Bxb5 Nb6 17. Rhc1 Rfc8 18. Rc3 {1-0 (48) Postny,E (2661)-Orlov,A (2501) Paleochora 2008}) 11... Nh5 12. Nd3 f5 {White is slightly better.} 13. Be2 {[#]} Nc7 $146 ({Predecessor:} 13... Qh4+ 14. Bf2 Qe7 15. O-O Bf6 16. exf5 Bg5 17. Be3 Bxe3+ 18. Qxe3 Bxf5 {0-1 (43) Balogh,P (2080)-Ryskin,A (2505) Sala 1993}) 14. O-O-O (14. O-O $14) 14... Nb5 (14... Nf6 $15) 15. Nxb5 $11 Bxb5 16. Kb1 Nf6 (16... a6 $11 {remains equal.}) 17. Nc5 $16 dxc5 18. Bxb5 Qd6 {[#]} (18... Qb6 $16 19. Bd3 fxe4 20. fxe4 Ng4) 19. exf5 $1 $18 gxf5 20. Qc2 Nd7 21. Bxd7 Qxd7 22. Qxc5 ({Better is} 22. Bxc5 Rac8 23. Qf2) 22... Rfc8 23. Qa3 Qb5 24. Qd3 (24. d6 $18) 24... Rc4 $2 (24... Qxd3+ $16 {was worth a try.} 25. Rxd3 Rd8) 25. d6 {[%cal Bd5d6,Bd6d7][%mdl 32]} ({Weaker is} 25. Qxf5 e4 $16) 25... e4 {[%csl Gg7][%cal Rb5b2] [#]} 26. Qd5+ Qxd5 27. Rxd5 f4 28. d7 Bf6 (28... fxe3 $142 29. d8=Q+ Rxd8 30. Rxd8+ Kf7 31. Rd7+ Kg6) 29. Bxf4 exf3 30. Bg5 fxg2 31. Rg1 Bxg5 32. Rxg5+ {[%mdl 4096] Endgame KRR-KRR} Kf7 33. R1xg2 ({Not} 33. R5xg2 Rd8 $18) 33... Rd8 34. Rg7+ Ke6 35. Rxh7 Re4 36. Rd2 b5 37. Kc2 a5 38. Kd3 Rc4 39. b3 Rc1 40. Re2+ Kd6 41. Rc2 Ra1 42. Kd4 Rd1+ 43. Ke4 $2 (43. Ke3 $18) 43... a4 $2 {[%mdl 8192]} (43... Rxd7 $14 44. Rh6+ Ke7) 44. bxa4 {White is clearly winning.} bxa4 45. Rc4 Re1+ 46. Kd3 a3 47. Rd4+ (47. Ra4 $142 Ra1 48. Rh6+ (48. Rxa3 Rxd7 49. Rh5 Kc6+ 50. Ke3 Re1+ 51. Kf2 Ree7 $16) 48... Kxd7 49. Rxa3) 47... Kc6 (47... Kc7 $142 48. Kc2 Rg1) 48. Kc3 Rb1 49. Rc4+ Kd6 50. Ra4 Rc1+ 51. Kd2 Rg1 52. Rxa3 Rg2+ 53. Ke3 Kc7 54. Rc3+ Kd6 55. a3 Ra2 56. Rd3+ Kc7 57. h4 Rh2 58. Kf4 Rf8+ 59. Ke4 {Precision: White = 65%, Black = 23%.} 1-0

[Event "Cellavision Cup 2018"]
[Site "Lund"]
[Date "2018.08.03"]
[Round "4"]
[White "Strange, Mikkel"]
[Black "Hector, Jonny"]
[Result "0-1"]
[WhiteElo "2370"]
[BlackElo "2491"]
[Annotator "TA"]
[PlyCount "86"]
[EventDate "2018.08.03"]
[EventType "swiss"]
[EventCountry "SWE"]
[SourceTitle "playchess.com"]
[Source "ChessBase"]
[SourceQuality "1"]

{[%evp 19,85,50,75,-50,-36,-43,-44,-90,-91,-123,-128,-131,-131,-146,-124,-120,-106,-106,-103,-104,-99,-104,-103,-105,-104,-110,-103,-121,-106,-129,-135,-151,-139,-261,-261,-261,-259,-348,-348,-348,-348,-546,-526,-549,-517,-519,-520,-531,-527,-521,-506,-461,-411,-688,-727,-727,-718,-752,-745,-719,-701,-1074,-1016,-29992,-29993,-29997,-29998,-29999]} 1. e4 e5 2. Nf3 Nc6 3. Bc4 Nf6 4. Ng5 d5 5. exd5 Na5 6. Bb5+ Bd7 7. Qe2 Be7 8. Nc3 O-O {C58: Two Knights: 4 Ng5 d5 5 exd5 Na5 sidelines} (8... Bxb5 9. Qxb5+ c6 10. dxc6 Nxc6 11. Nf3 O-O 12. d3 Nd4 13. Nxd4 exd4 14. Ne2 Rc8 15. Qb3 Qa5+ 16. Bd2 {½-½ (24) Short,N (2683)-Postny,E (2606) Kishinev 2017}) 9. Bxd7 Qxd7 10. O-O Nxd5 {LiveBook: 3 Games. White is slightly better.} 11. d3 ({Only move:} 11. Qxe5 $16 Nxc3 12. dxc3) 11... Nc6 12. Nxd5 $146 ({Predecessor:} 12. Nf3 Bf6 13. Ne4 Qe7 14. Nxf6+ Qxf6 15. Qe4 Qd6 {1-0 (23) Matsenko,E (2027)-Kiseleva,O (1824) Satka 2014}) 12... Qxd5 13. Qe4 Qxe4 14. dxe4 Nd4 {Strongly threatening ...Ne2+.} 15. Nf3 Nxc2 16. Rb1 Bd6 17. Rd1 Nb4 18. a3 Nc6 19. Be3 f6 20. Kf1 Rfd8 21. Ke2 Kf7 22. Rd3 a5 {[%cal Ba7a5,Ba5a4][%mdl 32]} 23. Rb3 b6 24. Rc1 a4 25. Rbc3 Na5 26. Rxc7+ (26. Rd3 $17) 26... Bxc7 $19 27. Rxc7+ Kg8 28. Bxb6 Rdb8 29. Bxa5 Rxa5 {[%mdl 4096] Endgame KRR-KRN} 30. Nh4 (30. Ne1 {was called for.} Rxb2+ 31. Kf1) 30... Rab5 31. Nf5 Rxb2+ 32. Kf3 R2b7 33. Rc4 Rb3+ 34. Kg4 g6 35. Ne7+ Kg7 36. Nd5 (36. Rxa4 $142 h5+ 37. Kh4) 36... h5+ 37. Kh4 Rxa3 38. Rc7+ Kh6 {[%csl Gf6,Gh6][%cal Rg6g5] [#]} 39. f3 Rf8 40. h3 Ra2 41. f4 Rxg2 {Black mates.} 42. Rc6 exf4 {[%csl Gf6,Gg2,Gh6][%cal Rg6g5]} 43. Nxf6 g5# {Precision: White = 25%, Black = 79%.} 0-1